Entrepreneurship and Culture /

Sábháilte in:
Sonraí bibleagrafaíochta
Príomhchruthaitheoir: Andreas Freytag, Roy Thurik (edición)
Formáid: LEABHAR
Teanga:Béarla
Foilsithe / Cruthaithe: Berlín, Alemania : Springer, 2010, c2010
Rochtain ar líne:Ver documento en línea
Clibeanna: Cuir clib leis
Níl clibeanna ann, Bí ar an gcéad duine le clib a chur leis an taifead seo!

MARC

LEADER 00000nam^a22000000a04500
001 000608564
009 20260428195429.513
020 |a 978-3-540-87910-7 
037 |a Acervo ITESO - Biblioteca 
041 |a ING 
082 |a Libro en línea 
100 |a Andreas Freytag, Roy Thurik  |e (edición) 
245 |a Entrepreneurship and Culture / 
264 4 |a Berlín, Alemania :  |b Springer,  |c 2010, c2010 
264 2 |a Cham, Suiza :  |b Springer Link [distribución],  |c 2025 
300 |a 1 libro electrónico en línea (IX, 328 p.) 
300 |a 1 recurso en línea 
336 |a datos para computadora  |b cod  |2 rdacontenido 
337 |a computadora  |b c  |2 rdamedio 
338 |a recurso en línea  |b cr  |2 rdasoporte 
506 0 |a Licencias ilimitadas 
567 |a Catalogación rápida 
649 |a XX 
856 4 0 |u https://link-springer-com.ezproxy.iteso.mx/10.1007/978-3-540-87910-7  |y Ver documento en línea 
910 |a Fondo General 
920 |a Electrónicos - Libros en Línea 
930 |a Plataforma Digital 
905 |a 205 
902 |a https://opac.biblio.iteso.mx/vufind/Record/000608564